[Event "World op 48th"]
[Site "ICC INT"]
[Date "2020.08.07"]
[Round "2"]
[White "Diep, Andrew"]
[Black "Vakhidov, Jahongir"]
[Result "1-0"]
[WhiteElo "1932"]
[BlackElo "2533"]
[PlyCount "105"]
[EventDate "2020.08.07"]
[EventType "swiss"]
[EventRounds "9"]
[EventCountry "USA"]
[SourceTitle "CBM 197 Extra"]
[Source "ChessBase"]
[SourceDate "2020.09.30"]
[SourceVersion "1"]
[SourceVersionDate "2020.09.30"]
[SourceQuality "1"]

1. d4 Nf6 2. c4 c5 3. d5 e5 4. Nc3 d6 5. e4 Nbd7 6. Nf3 a6 7. Be2 Be7 8. 0-0 0-0 9. Ne1 Ne8 10. Nd3 g6 11. Bh6 Ng7 12. Qd2 f5 13. f4 Bf6 14. exf5 gxf5 15. Kh1 e4 16. Ne1 Qe8 17. Nc2 Qg6 18. Bg5 Bxg5 19. fxg5 Ne5 20. a3 Bd7 21. b4 b6 22. Qf4 Qe8 23. Ne3 Qe7 24. h4 Ng6 25. Qh2 f4 26. Ng4 Nf5 27. Rxf4 Nxf4 28. Qxf4 Kh8 29. Re1 Rae8 30. Bf3 Nxh4 31. Nf6 Nxf3 32. gxf3 Qg7 33. Ncxe4 Re5 34. bxc5 bxc5 35. Rg1 Qg6 36. Nxd6 Re2 37. Nde4 Bc8 38. Rg2 Rxg2 39. Kxg2 Bf5 40. Qe5 Bxe4 41. fxe4 Qg7 42. d6 h6 43. Ng4 Rd8 44. gxh6 Qxe5 45. Nxe5 Kh7 46. d7 Rg8+ 47. Kf3 Rf8+ 48. Ke3 Rd8 49. Kf4 Rf8+ 50. Kg5 a5 51. Nc6 a4 52. d8Q Re8 53. Qd7+ 1-0

[Event "World op 48th"]
[Site "ICC INT"]
[Date "2020.08.07"]
[Round "1"]
[White "Poliannikov, Danila"]
[Black "Diep, Andrew"]
[Result "0-1"]
[WhiteElo "2226"]
[BlackElo "1932"]
[PlyCount "120"]
[EventDate "2020.08.07"]
[EventType "swiss"]
[EventRounds "9"]
[EventCountry "USA"]
[SourceTitle "CBM 197 Extra"]
[Source "ChessBase"]
[SourceDate "2020.09.30"]
[SourceVersion "1"]
[SourceVersionDate "2020.09.30"]
[SourceQuality "1"]

1. e4 c6 2. Nc3 d5 3. Nf3 Bg4 4. h3 Bxf3 5. Qxf3 e6 6. d4 dxe4 7. Nxe4 Qxd4 8. Bd3 Nd7 9. Be3 Qd5 10. Rd1 Ne5 11. Qf4 Qa5+ 12. Ke2 0-0-0 13. Bxa7 Ne7 14. Ng5 f6 15. Nxe6 Re8 16. Nxf8 Qxa7 17. Ne6 Nd5 18. Qd4 Qxd4 19. Nxd4 Nc4+ 20. Kf3 Nxb2 21. Bf5+ Kc7 22. Rde1 g6 23. Be6 Nc4 24. Bxd5 cxd5 25. Rd1 Re5 26. Nb5+ Kb6 27. Nc3 Kc5 28. Kg3 Ra8 29. Rb1 Ra3 30. Rb3 d4 31. Nb1 Rxa2 32. Rxb7 Rxc2 33. h4 d3 34. Rd7 Rd5 35. Rc7+ Kd6 36. Rxh7 d2 37. Nxd2 Rdxd2 38. Rf1 Rc3+ 39. Kh2 Ne5 40. Rg7 Ke6 41. Kg1 Kf5 42. Ra7 Rcc2 43. Ra5 Kg4 44. Ra4+ Kh5 45. Rf4 f5 46. g3 Nd3 47. Rd4 Rxf2 48. Rxf2 Nxf2 49. Kg2 Ne4+ 50. Kf3 Rc3+ 51. Kf4 Rxg3 52. Rd8 Rg4+ 53. Ke5 Kxh4 54. Rh8+ Kg5 55. Rh1 Nf2 56. Rf1 Re4+ 57. Kd5 Ng4 58. Rf3 Re3 59. Rf1 f4 60. Kd4 f3 0-1

[Event "Eastern op 46th"]
[Site "Tysons"]
[Date "2019.12.30"]
[Round "7"]
[White "Diep, Andrew"]
[Black "Samuelson, Andrew"]
[Result "0-1"]
[WhiteElo "1811"]
[BlackElo "2113"]
[PlyCount "110"]
[EventDate "2019.12.27"]
[EventType "swiss"]
[EventRounds "7"]
[EventCountry "USA"]
[SourceTitle "CBM 194 Extra"]
[Source "ChessBase"]
[SourceDate "2020.03.31"]
[SourceVersion "1"]
[SourceVersionDate "2020.03.31"]
[SourceQuality "1"]

1. d4 Nf6 2. c4 c5 3. d5 e6 4. Nc3 exd5 5. cxd5 d6 6. e4 g6 7. Nf3 Bg7 8. h3 0-0 9. Bd3 Nh5 10. 0-0 Nd7 11. Qc2 Re8 12. g4 Nhf6 13. Bf4 Ne5 14. Nxe5 dxe5 15. Be3 b6 16. Rad1 h5 17. f3 Bd7 18. Bc4 Nh7 19. Qd2 Qh4 20. Kg2 f5 21. d6+ Kh8 22. Rh1 Rf8 23. exf5 gxf5 24. Nd5 e4 25. Ne7 exf3+ 26. Kf1 Rf6 27. Bf2 Qg5 28. Qxg5 Nxg5 29. h4 Nf7 30. gxf5 Rxd6 31. Re1 Ne5 32. Rxe5 Bxe5 33. Ng6+ Rxg6 34. fxg6 Kg7 35. Rg1 Bg4 36. Bf7 Rd8 37. Be3 Rd3 38. Kf2 Rxe3 39. Rxg4 hxg4 40. Kxe3 Bxb2 41. h5 Kh6 42. Kf4 f2 43. Bc4 Kxh5 44. Bd3 Kh4 45. Bf1 g3 46. Kf3 Be5 47. Kg2 Kg5 48. Bd3 Kf4 49. Bb5 Ke3 50. Bf1 Kd2 51. Kf3 Kc3 52. Ke4 Bd4 53. Kf3 Kb2 54. a4 Kb3 55. Bb5 c4 0-1